Elements of soil mechanics for civil and mining engineers. (Record no. 101132)

MARC details
000 -LEADER
fixed length control field 00697cam a2200229 4500
008 - FIXED-LENGTH DATA ELEMENTS--GENERAL INFORMATION
fixed length control field 000000n1982 000 0 eng u
020 ## - INTERNATIONAL STANDARD BOOK NUMBER
International Standard Book Number 0003834301
035 ## - SYSTEM CONTROL NUMBER
System control number (Sirsi) u110819
050 ## - LIBRARY OF CONGRESS CALL NUMBER
Classification number 624.1513
100 ## - MAIN ENTRY--PERSONAL NAME
Personal name Smith G.N.
245 ## - TITLE STATEMENT
Title Elements of soil mechanics for civil and mining engineers.
250 ## - EDITION STATEMENT
Edition statement 5th. ed.
260 ## - PUBLICATION, DISTRIBUTION, ETC.
Place of publication, distribution, etc. London
Name of publisher, distributor, etc. Collins Professional Books
Date of publication, distribution, etc. 1982
300 ## - PHYSICAL DESCRIPTION
Extent x, 493p. ; 22cm.
650 ## - SUBJECT ADDED ENTRY--TOPICAL TERM
Topical term or geographic name entry element SOIL ENGINEERING
650 ## - SUBJECT ADDED ENTRY--TOPICAL TERM
Topical term or geographic name entry element SOIL MECHANICS
650 ## - SUBJECT ADDED ENTRY--TOPICAL TERM
Topical term or geographic name entry element EARTH MOVEMENT
650 ## - SUBJECT ADDED ENTRY--TOPICAL TERM
Topical term or geographic name entry element ENGINEERING
650 ## - SUBJECT ADDED ENTRY--TOPICAL TERM
Topical term or geographic name entry element BUILT ENVIRONMENT-BUILDING ELEMENTS-COMPLETE BUILDING ELEMENTS-FOUNDATIONS
690 ## - LOCAL SUBJECT ADDED ENTRY--TOPICAL TERM (OCLC, RLIN)
Topical term or geographic name as entry element BUILDING AND CONSTRUCTION-ENGINEERING
942 ## - ADDED ENTRY ELEMENTS (KOHA)
Suppress in OPAC 0
Holdings
Withdrawn status Lost status Source of classification or shelving scheme Damaged status Not for loan Home library Current library Shelving location Date acquired Total Checkouts Full call number Barcode Date last seen Copy number Price effective from Koha item type
    Dewey Decimal Classification     London London Books 07/02/2001   624.1513 SMI 30063556 06/08/2019 1 06/08/2019 Book